Zakariás Attila laudációja
Elmentve itt :
| Szerző: | |
|---|---|
| Adatforrás: | Meister |
| Forrásdokumentuma: | Művelődés. - 3 sz., 1994, 5 p. |
| Nyelv: | magyar |
| Kulcsszavak: | művelődéstörténet KLMT-díjak ZAKARIÁS Attila |
| LEADER | 00388nab a2200145 i 4500 | ||
|---|---|---|---|
| 001 | bibPRO00000906 | ||
| 008 | 060524s1994 xx hun | ||
| 040 | |a Sz1 | ||
| 041 | |a hun | ||
| 100 | 1 | |a KÓNYA Ádám | |
| 245 | 1 | 0 | |a Zakariás Attila laudációja |c KÓNYA Ádám |
| 695 | |a művelődéstörténet | ||
| 695 | |a KLMT-díjak | ||
| 695 | |a ZAKARIÁS Attila | ||
| 773 | 0 | |t Művelődés. - |g 3 sz., 1994, 5 p. | |